Die Renaissance : historische Szenen /

Bibliographic Details
Main Author: Gobineau, Arthur, comte de, 1816-1882
Format: Book
Language:German
Italian
Published: Berlin : Th. Knaur, [1927?]
Edition:Vollständige Ausg.
Subjects:

MARC

Tag First Indicator Second Indicator Subfields
LEADER 00000cam a2200000 i 4500
001 in00001091221
005 20150929190513.0
008 790212s1927 gw c b 000 0 ger d
035 |a (OCoLC)04644757 
035 |9 AFS6858AM 
040 |a YSM  |c YSM  |d m.c.  |d m/c  |d TXA  |d UtOrBLW 
041 1 |a ger  |a ita 
049 |a TXAM 
090 |a DG533  |b .G7 1927z 
100 1 |a Gobineau, Arthur,  |c comte de,  |d 1816-1882. 
240 1 3 |a Il Rinascimento, scene storiche.  |l German 
245 1 4 |a Die Renaissance :  |b historische Szenen /  |c Arthur Graf Gobineau; ins Deutsche übertragen von Robert von Voss. 
250 |a Vollständige Ausg. 
264 1 |a Berlin :  |b Th. Knaur,  |c [1927?] 
300 |a 401 pages, 8 unnumbered leaves of plates :  |b portraits ;  |c 19 cm. 
336 |a text  |b txt  |2 rdacontent 
337 |a unmediated  |b n  |2 rdamedia 
338 |a volume  |b nc  |2 rdacarrier 
500 |a Translation of Il Rinascimento, scene storiche. 
505 0 |a Savonarola.--Cesare Borgia.--Julius II.--Leo X.--Michelangelo. 
650 0 |a Renaissance  |z Italy. 
600 1 0 |a Savonarola, Girolamo,  |d 1452-1498. 
600 1 0 |a Borgia, Cesare,  |d 1476?-1507. 
600 0 0 |a Julius  |b II,  |c Pope,  |d 1443-1513. 
600 0 0 |a Leo  |b X,  |c Pope,  |d 1475-1521. 
600 0 0 |a Michelangelo Buonarroti,  |d 1475-1564. 
999 |a MARS 
999 f f |s 90049e01-fe0f-3d5b-8c0d-ef3e2998cfde  |i 0b162e83-7d7d-3c8d-907d-d78ada79c722  |t 0 
952 f f |p ric  |a Texas A&M University  |b Rellis Campus  |c Joint Library Facility  |d Remote Storage  |t 0  |e DG533 .G7 1927z  |h Library of Congress classification  |i unmediated -- volume  |m A14816598945 
998 f f |a DG533 .G7 1927z  |t 0  |l Remote Storage